000
00446nam a2200169Ia 4500
008
100122s9999 xx 000 0 und d
082
_b
61815
_a
821
100
_a
कालिदास
245
_a
मेघदूत
250
_a
2
260
_b
सतीश प्रकाशन
_c
1990
300
_a
28
630
_a
मेघदूत
700
_a
नरवणे महादेव
730
_a
मेघदूत
942
_c
BOOK
999
_c
436445
_d
436442